000 00597nam a2200229Ia 4500
005 20260320201311.0
008 008 262003s9999 xx 000 0 eng d
037 _aEBOOK
040 _aCRL
040 _beng
040 _cCRL
041 _2eng
041 _aeng
084 _qCRL
100 _aCarne
_91133554
245 0 _aConnections for the Digital Age: Multimedia Communications for Mobile, Nomadic and Fixed Devices
260 _bIEEE
856 _uhttps://ieeexplore.ieee.org/servlet/opac?bknumber=8040203
942 _cEBOOK
999 _c1720387
_d1720387